Manaviya maulya mattu dharma: vaicharika krati. (Record no. 107845)

MARC details
000 -LEADER
fixed length control field 00647nam a2200193Ia 4500
003 - CONTROL NUMBER IDENTIFIER
control field OSt
005 - DATE AND TIME OF LATEST TRANSACTION
control field 20250821134944.0
008 - FIXED-LENGTH DATA ELEMENTS--GENERAL INFORMATION
fixed length control field 210210b2000 xxu||||| |||| 00| 0 eng d
040 ## - CATALOGING SOURCE
Transcribing agency AL
041 ## - LANGUAGE CODE
Language code of text/sound track or separate title Kannada
082 ## - DEWEY DECIMAL CLASSIFICATION NUMBER
Classification number K894.4 SUMM
100 ## - MAIN ENTRY--PERSONAL NAME
Personal name SUMUKHANANDA JALAVALLI.
9 (RLIN) 236859
Dates associated with a name ಸುಮುಖಾನಂದ ಜಲವಳ್ಳಿ
245 ## - TITLE STATEMENT
Title Manaviya maulya mattu dharma: vaicharika krati.
Remainder of title ಮಾನವೀಯ ಮೌಲ್ಯ ಮತ್ತು ಧರ್ಮ: ವೈಚಾರಿಕ ಕೃತಿ
260 ## - PUBLICATION, DISTRIBUTION, ETC.
Place of publication, distribution, etc. Kinnigoli
Name of publisher, distributor, etc. Sumukha Prakashana
Date of publication, distribution, etc. 2000
300 ## - PHYSICAL DESCRIPTION
Extent 118
690 ## - LOCAL SUBJECT ADDED ENTRY--TOPICAL TERM (OCLC, RLIN)
Topical term or geographic name as entry element Kannada Prose
9 (RLIN) 236860
906 ## - LOCAL DATA ELEMENT F, LDF (RLIN)
a 060786
942 ## - ADDED ENTRY ELEMENTS (KOHA)
Source of classification or shelving scheme Dewey Decimal Classification
Koha item type Book
Holdings
Withdrawn status Lost status Source of classification or shelving scheme Damaged status Not for loan Collection code Home library Current library Shelving location Date acquired Source of acquisition Cost, normal purchase price Total Checkouts Full call number Barcode Date last seen Price effective from Koha item type
    Dewey Decimal Classification     Kannada St Aloysius Library St Aloysius Library   02/17/2021 Sumukha Prakashana, Kinnigoli 60.00   K894.4 SUMM 060786 02/17/2021 02/17/2021 Book